Bleach Quiz by RhysClarke69 - Statistics

General Stats
  • This quiz has been taken 652 times
    646 since last reset
  • The average score is 9 of 26
Answer Stats
Hint Answer % Correct
Who is the main protagonist? Ichigo Kurosaki
100%
What is the name of the final release of a zanpakuto? Bankai
94%
In the Fake Karakura Town and Arrancar arcs, who is the main antagonist? Sosuke Aizen
94%
What is the name of the initial release of a zanpakuto? Shikai
90%
What colour do Quincies tend to wear on their clothes? White
53%
Which language is used for the names and abilities of Arrancar? Spanish
48%
How many members does Squad Zero consist of? Five
47%
Which language is used for the Sternritter's abilities and names? German
44%
Who are Sosuke Aizen's two main subordinates? Gin Ichimaru and Kaname Tosen
44%
Who created Bleach? Tite Kubo
41%
What kind of animal does Matsumoto's zanpakuto portray the most? Cat/Feline
33%
What family assisted Ichigo when he needed to get into the Seireitei? Shiba family
33%
Who did Sosuke Aizen wish to see dead, and later on assume that person's role? The Soul King
26%
Who was Captain of Squad Ten prior to Toshiro Hitsugaya's promotion? Isshin Shiba
17%
In the anime-only Zanpakuto Rebellion arc, who is the main antagonist? Muramasa
17%
What does the 'A' stand for in the Sternritter alphabet? The Almighty
16%
Who is the only Shinigami we know of to have wielded a lightning-based zanpakuto? Chojiro Sasakibe
14%
What does the 'E' stand for in the Sternritter alphabet? The Explode
13%
What is the Sternritter equivalent to a Shinigami's Bankai? Vollstandig
12%
What do the Sternritter refer to Juhabach with? His Majesty
8%
What happened to Sternritter 'E' after her defeat at the hands of Sajin Komamura? She became a zombie thanks to Sternritter 'Z'
5%
What is Riruka Dokugamine very fond of? Doughnuts
4%
What is the name of Szayel Aporro Grantz's brother? Yylfordt Grantz
4%
Where is Sosuke Aizen located after he is defeated? Beneath Squad One
1%
Why was Toshiro Hitsugaya forced to fight, and later on kill, his first male best friend? They both wielded Hyorinmaru
1%
What is a Sternritter? A Quincy who follows Juha Bach's command
0%
No matching quizzes found
Score Distribution
Percent of People with Each Score
Percentile by Number Answered
Your Score History
You have not taken this quiz since the last reset